|
|
|
|
| LEADER |
00000nas a2200000 a 4500 |
| 001 |
ssj0022811 |
| 003 |
WaSeSS |
| 005 |
20200512172242.0 |
| 006 |
m d |
| 007 |
cr n |
| 008 |
880120c19829999waudr nes 0 0eng d |
| 010 |
|
|
|a sn 88085302
|
| 035 |
|
|
|a (WaSeSS)ssj0022811
|
| 040 |
|
|
|a Wa
|b eng
|c Wa
|d NSDP
|d IHi
|d OCoLC
|d WaSeSS
|
| 042 |
|
|
|a msc
|
| 043 |
|
|
|a n-us-wa
|
| 050 |
|
4 |
|a AN2.S7
|b S7
|
| 245 |
0 |
0 |
|a Spokane chronicle
|h [electronic resource].
|
| 246 |
3 |
0 |
|a Spokane-review/Spokane chronicle
|
| 260 |
|
|
|a Spokane, Wash. :
|b Spokane Chronicle
|
| 310 |
|
|
|a Daily
|
| 362 |
0 |
|
|a Vol. 96, no. 96 (Jan. 11, 1982)-
|
| 500 |
|
|
|a On Saturday and Sunday published as: Spokane-review/Spokane chronicle, Oct. 5, 1982-
|
| 506 |
|
|
|a License restrictions may limit access.
|
| 651 |
|
0 |
|a Spokane (Wash.)
|v Newspapers.
|
| 655 |
|
0 |
|a Electronic journals.
|
| 752 |
|
|
|a United States
|b Washington
|c Spokane
|d Spokane.
|
| 775 |
0 |
|
|t Spokesman-review (Spokane, Wash. : 1894)
|x 1064-7317
|w (DLC)sn 84024754
|
| 780 |
0 |
0 |
|t Spokane daily chronicle
|w (DLC)sn 86072020
|
| 787 |
0 |
|
|t Spokesman-review (Spokane, Wash. : 1894)
|x 1064-7317
|w (DLC)sn 84024754
|
| 856 |
4 |
0 |
|z Full text available from Research Library: 12/17/1991 to 07/10/1992
|u https://search.proquest.com/publication/45881
|